000 00312nam a2200133Ia 4500
100 _aEdgar/Carroll
650 _aChemistry
942 _cBK
654 _amanufacturing
245 _aFund. Of Manufacturing Processes & Materials
260 _bADDISON WESLEY
_aNEWYORK
_c1966
300 _a515
546 _aENGLISH
999 _c18519
_d18519